| 000 | 01423nam a2200337 c 4500 | ||
|---|---|---|---|
| 003 | BLK | ||
| 005 | 20250430122537.0 | ||
| 008 | 180413b bul|||||r ||||||| ||bul|| | ||
| 010 | _aKNG00026863000 | ||
| 020 |
_a954-427-333-6 _bиздат.: Абагар |
||
| 040 | _aBLK | ||
| 041 |
_aBUL _cBUL |
||
| 080 |
_aКапиталовложения. Образуване на капитала. Инвестиции _b330.322 _x _z330.322 |
||
| 080 |
_aУправление на предприятията. Организация на производството, търговията, транспорта и съобщенията. Полиграфическа промишленост и издателско дело _b005 _x.012 _z005.012 |
||
| 100 | 1 |
_aМатеев, Мирослав _eпърви автор _9267606 |
|
| 139 |
_aМатеев, Мирослав _bМ 39 |
||
| 245 | 1 | 0 |
_aОснови на инвестиционния мениджмънт _cМирослав Матеев. |
| 257 | _aBGR | ||
| 260 |
_аВ. Търново _bАбагар _c1998 |
||
| 300 |
_a328 с. _c23 см |
||
| 380 | _a3 | ||
| 500 | _aДеп. списък: депозит сп.10. | ||
| 653 | _aоснови | ||
| 653 | _aмениджмънт | ||
| 852 | _aЦб 199891 | ||
| 856 | 4 |
_qpdf _u |
|
| 856 | 4 |
_qpdf _u |
|
| 942 |
_cKNG _n0 _01 |
||
| 944 |
_aCR _c15.01.2003 _k30535 _lХристина Везирева |
||
| 944 |
_aED _c14.11.2012 _k |
||
| 999 |
_c24353 _d24353 |
||